| 000 | 01048nab a2200265 4500 | ||
|---|---|---|---|
| 003 | BR-BrBNA | ||
| 005 | 20240326232927.0 | ||
| 008 | 240326b bl.||||| |||| 00| 0 por d | ||
| 040 |
_aBR-BrBNA _bpor |
||
| 072 |
_aK50 ; F50 _b3295 |
||
| 100 | _aMori, Cláudia Lopes Selvati de Oliveira | ||
| 100 | _aMori, Fábio Akira | ||
| 100 | _aMendes, Lourival Marin | ||
| 100 | _aSilva, José Reinaldo Moreira da | ||
| 245 |
_aCaracterização da madeira de angico-vermelho (Anadenanthera Peregrina (Benth) Speng) para confecção de móveis _bPesquisa |
||
| 500 | _aSummaries (eng, por); 19 ref.; 2 illus.; 6 tables | ||
| 650 | _aANGICO VERMELHO | ||
| 650 | _aANADENANTHERA PEREGRINA | ||
| 650 | _aÁRVORE ANGIOSPERMA | ||
| 650 | _aMADEIRA | ||
| 650 | _aFABRICAÇÃO DE MÓVEIS | ||
| 773 | 0 |
_01357 _925370 _dBrasília-DF Instituto Brasileiro de Desenvolvimento Florestal 1970 _o2023-435940 _tBrasil Florestal (Brazil) _x0045-270X _gv. 22(77) p. 29-36; (Aug 2003) _wBR2024000531 |
|
| 942 | _cAnalítica | ||
| 999 |
_c298944 _d298944 |
||